Rivers of America / (Record no. 935)

MARC details
000 -LEADER
fixed length control field 01317cam a22003134a 4500
005 - DATE AND TIME OF LATEST TRANSACTION
control field 20260322212040.0
008 - FIXED-LENGTH DATA ELEMENTS--GENERAL INFORMATION
fixed length control field data
010 ## - LIBRARY OF CONGRESS CONTROL NUMBER
LC control number 2006005710
020 ## - INTERNATIONAL STANDARD BOOK NUMBER
International Standard Book Number 0810954850 (hardcover with jacket)
020 ## - INTERNATIONAL STANDARD BOOK NUMBER
International Standard Book Number 9780810954854
040 ## - CATALOGING SOURCE
Original cataloging agency DLC
Transcribing agency DLC
Modifying agency DLC
-- BAKER
-- OCO
-- DLC
042 ## - AUTHENTICATION CODE
Authentication code pcc
043 ## - GEOGRAPHIC AREA CODE
Geographic area code n-us---
050 00 - LIBRARY OF CONGRESS CALL NUMBER
Classification number GB1215
Item number .P286 2006
082 00 - DEWEY DECIMAL CLASSIFICATION NUMBER
Classification number 551.48/30973
Edition information 22
092 ## - LOCALLY ASSIGNED DEWEY CALL NUMBER (OCLC)
Classification number 551.48 Pal 2006
001 - CONTROL NUMBER
control field data
100 1# - MAIN ENTRY--PERSONAL NAME
Personal name Palmer, Tim,
Dates associated with a name 1948-
245 10 - TITLE STATEMENT
Title Rivers of America /
Statement of responsibility, etc. Tim Palmer.
260 ## - PUBLICATION, DISTRIBUTION, ETC.
Place of publication, distribution, etc. New York :
Name of publisher, distributor, etc. Abrams,
Date of publication, distribution, etc. 2006.
300 ## - PHYSICAL DESCRIPTION
Extent 223 p. :
Other physical details chiefly col. ill. ;
Dimensions 29 cm.
504 ## - BIBLIOGRAPHY, ETC. NOTE
Bibliography, etc. note Includes bibliographical references (p. 215-[217]) and index.
650 #0 - SUBJECT ADDED ENTRY--TOPICAL TERM
Topical term or geographic name entry element Rivers
Geographic subdivision United States.
650 #0 - SUBJECT ADDED ENTRY--TOPICAL TERM
Topical term or geographic name entry element Rivers
Geographic subdivision United States
Form subdivision Pictorial works.
856 41 - ELECTRONIC LOCATION AND ACCESS
Materials specified Table of contents
Uniform Resource Identifier <a href="http://www.loc.gov/catdir/toc/ecip068/2006005710.html">http://www.loc.gov/catdir/toc/ecip068/2006005710.html</a>
906 ## - LOCAL DATA ELEMENT F, LDF (RLIN)
a 7
b cbc
c orignew
d 1
e ecip
f 20
g y-gencatlg
925 0# -
-- acquire
-- 2 shelf copies
-- policy default
955 ## - COPY-LEVEL INFORMATION (RLIN)
-- jb10 2006-02-21
-- jb10 2006-02-21 to Dewey
-- jb17 2006-11-17 Z-CipVer
-- jb17 2006-11-17 to BCCD
Holdings
Withdrawn status Lost status Damaged status Not for loan Home library Current library Shelving location Date acquired Total checkouts Full call number Barcode Date last seen Price effective from Koha item type
        Troy Troy General stacks 22/03/2026   551.48/30973 22 BC0010967 22/03/2026 22/03/2026 Books